01007nam a22002297a 4500008004100000020001800041040005600059041000800115100003700123245017600160260004300336300005600379504004100435650003300476650004300509650002900552650003100581650004500612700003800657700003800695710004400733130821s2011 ck a gr spa  a9789589920626 aCO-BoUCMbspacAngélica Rojas (modificó)dNuevo00aspa1 aCalderón Hernández, Gregorio10aGestión humana en Colombia roles, prácticas, retos y limitacionescGregorio Calderón Hernández, Julia Clemencia Naranjo Valencia, Claudia Milena Álvarez Giraldo aBogotá (Colombia)bLuna Librosc2010 axxvi, 174 páginasbilustraciones, cuadros, tablas aIncluye referencias bibliográficas 7aAdministración de empresas 7aAdministración de personalzColombia 7aCapital humanozColombia 7aRecursos humanoszColombia 7aTrabajadoresxAdministraciónzColombia1 aÁlvarez Giraldo, Claudia Milena1 aNaranjo Valencia, Julia Clemencia2 aAsociación de Gestión Humana. ACRIP